| 000 | 00328nam a2200109Ia 4500 | ||
|---|---|---|---|
| 008 | 160609s9999 xx 000 0 und d | ||
| 245 | _aMastering Autodesk Maya 2016: Autodesk Official Press | ||
| 245 | _cBy:Todd Palamar | ||
| 260 | _c2015 | ||
| 650 | _x3D MODELING | ||
| 856 | _uhttp://file.ebook777.com/MasAutMay201AutOffPre.pdf | ||
| 999 |
_c295723 _d295723 |
||